Statistieken voor 10 kleinste Europese landen

Klik hier om de quiz te nemen!

Algemene statistieken

  • Deze quiz is 417 keer genomen
  • De gemiddelde score is 8 van 10

Antwoordstatistieken

PlaatsOppervlakte (km²)Land% Correct
10,44Vaticaanstad
97%
6486Andorra
93%
361San Marino
93%
4160Liechtenstein
92%
72.586Luxemburg
92%
22,01Monaco
91%
5316Malta
84%
913.812Montenegro
64%
89.251Cyprus
52%
1020.373Slovenië
45%

Scoreverdeling

Percentiel versus Aantal Correcte Antwoorden

Procent van Mensen met Elke Score

Uw Scoregeschiedenis

U heeft deze quiz nog niet genomen